000 00712nam a2200205 i 4500
001 97853
003 ES-MaACL
005 20250829124026.0
007 t|
008 050719s1946 sp |||| | spa d
100 1 _aMarín Cabrero, Rosa.
_976775
245 1 0 _aPedagogía del Evangelio /
_cRosa Marín Cabrero.
260 _aMadrid :
_bGrafs. Versal,
_c1946.
300 _a348 p. ;
_c19 cm.
594 _aPrecede al tít.: Consejo Superior de Investigaciones Científicas. Instituto San José de Calasanz de Pedagogía.
650 7 _aEducación cristiana
_2embne
_912090
710 2 _aInstituto San José de Calasanz de Pedagogía
_9163009
852 _aES-MaACL
_jC-8931
999 _c97853
_d97853